175 matches avec l'OL_Mort Subite (difficile) - Statistiques

Statistiques générales
  • Ce quiz a été pris 72 fois
  • Le résultat moyen est 3 sur 15
Answers on the Grid
Answers color-coded by a green-red scale on the quiz's grid according to % correct below.
Grenier
Garde
Bafé Gomis
Bak
Benzema
Briand
Caqueret
Cherki
Cris
Denayer
Depay
Dhorasoo
Franck Gava
Umtiti
Olmeta
Jean Djorkaeff
Fekir
Jordan Ferri
Linarès
Lisandro Lopez
Bastos
Lloris
Malbranque
Malouda
Morel
Moussa Dembélé
Aouar
Sonny Anderson
Toulalan
Tousard
 
Statistiques - réponses
Réponse % Correct
310 matches Cris
65%
193 matches Fekir
38%
252 matches Bafé Gomis
32%
178 matches Depay
24%
202 matches Lloris
24%
210 matches Toulalan
24%
213 matches Jordan Ferri
18%
233 matches Aouar
15%
184 matches Caqueret
15%
193 matches Malouda
15%
185 matches Cherki
9%
240 matches Malbranque
9%
207 matches Linarès
6%
193 matches Jean Djorkaeff
3%
224 matches Dhorasoo
0%
Aucun quiz correspondant
Distribution des résultats
% des personnes avec chaque résultat
Percentile par nombre de réponses
Votre historique - résultats
Vous n’avez pas pris ce quiz